History Quiz

Random History or World Quiz

The People Who Changed The World Quiz Stats

 Plays Quiz not verified by Sporcle

Challenge
Share
Tweet
Embed
Score 0/20 Timer 10:00
0 Plays Today
What did they do? Person % Correct
Led revolts against British Empire in India.Gandhi
90.2%
German general with toothbrush moustache.Adolf Hitler
61%
Discovered gravity when apple fell on his head.Isaac Newton
61%
Revolted against apartheid in South Africa.Nelson Mandela
61%
Invened dynamite and _____ Peace Prize.Alfred Nobel
56.1%
American gangster wanted for fraud and 16 accounts of tax evasion.Al Capone
53.7%
'Discovered' America.Christopher Columbus
53.7%
Current British Queen.Queen Elizabeth II
53.7%
Islamic terrroist that formed Al-Qaeda and lead 9/11 attack.Osama Bin Laden
51.2%
Ruler of Mongol Empire that conquered by slaughtering more people than anyone ever.Genghis Khan
48.8%
What did they do? Person % Correct
Roman that came, saw, conquered and went home.Julius Caesar
48.8%
Wrote plays and sayings and impressed Queen Liz.William Shakespeare
46.3%
Soviet leader during WW2.Josef Stalin
39%
Greek philsopher who cleverly depicted the Earth's origins.Aristotle
31.7%
Cambodian prime minster that ordered for slaying of his people.Pol Pot
31.7%
Leader of the Lancastrian army during War Of The Roses.Henry Tudor
29.3%
Saxon king that burnt the cakes.Alfred The Great
17.1%
Helped black people, women and people in poverty find freedom.Martin Luther King Jr.
14.6%
Became first British woman PM.Maragret Thatcher
4.9%
Dropped apple and orange off Leaning Tower Of Piza.Gaileo
0%

You're not logged in!

Compare scores with friends on all Sporcle quizzes.
OR
Log In

You Might Also Like...

Show Comments

Extras

Created Mar 3, 2013ReportNominate
Tags:World Quiz, changed, person

Top Quizzes Today


Score Distribution

Your Account Isn't Verified!

In order to create a playlist on Sporcle, you need to verify the email address you used during registration. Go to your Sporcle Settings to finish the process.

Report this User

Report this user for behavior that violates our Community Guidelines.

Details: